| 000 | 01264nac a22003377a 4500 | ||
|---|---|---|---|
| 001 | BR0703895 | ||
| 003 | BR-BrBNA | ||
| 005 | 20240105123438.0 | ||
| 008 | 230509b bl.|||m| |||| 00| 0 por d | ||
| 040 |
_aBR-BrBNA _bpor _cBiblioteca Nacional de Agricultura |
||
| 072 | _aF60 | ||
| 090 | _a0180 BR0703895 | ||
| 100 | 1 | _aAssis, V.L.G. de | |
| 100 | 1 | _aRamos, M. | |
| 110 | 1 | _aCentro Nacional de Pesquisa de Trigo, Passo Fundo, RS (Brasil) | |
| 245 | 1 | _aRelação entre a extração de fósforo do solo pelo trigo (Triticum aestivum, L.)e a extração por quatro métodos químicos, em latosolo vermelho escuro da região dos Campos Gerais, no Paraná | |
| 260 | 3 |
_aPasso Fundo, RS (Brasil): _c1976. |
|
| 300 | _a12 p. | ||
| 490 |
_aBoletim Técnico - Centro Nacional de Pesquisa de Trigo (Brazil) _vno. 2 _xISSN 0100-5359 |
||
| 500 | _a8 graphs; 11 ref.; Summaries (En, Pt); Documento microfilmado e tratado BR7701129 | ||
| 650 | _aTRIGO | ||
| 650 | _aTRITICUM AESTIVUM | ||
| 650 | _aFÓSFORO | ||
| 650 | _aLATOSSOLO VERMELHO ESCURO | ||
| 650 | _aFISIOLOGIA VEGETAL | ||
| 650 | _aANÁLISE DO SOLO | ||
| 650 | _aQUÍMICA DO SOLO | ||
| 650 | _aNUTRIÇÃO VEGETAL | ||
| 909 |
_a202312 _bLúcia Elande _c55 _dLúcia Elande |
||
| 942 |
_2AGRIS _n0 _cMS |
||
| 999 |
_c295487 _d295487 |
||